000 00333nam a2200133 4500
005 20260530115310.0
100 1 _aARDI editores
_932656
245 1 0 _aARDI 5 años 1988 - 1993
264 1 _bARDI España
_c1994
300 _a288 páginas
336 _atexto
_2rdacontent
337 _asin medio
_2rdamedia
338 _avolumen
_2rdacarrier
999 _c13299
_d13299